=LDR 00000nam 2200000 4500 =001 NUTBA000000000004130 =005 20200701094413 =035 ##$$a 0010-091400000000163 =008 200701################g##########0#ind## =041 ##$$a ind =082 ##$$a 2X3.42 =090 ##$$a 2x3.42, Hus s =100 1#$$a Husna Amalia =245 1#$$a Shiddiq :jujur /$c Amalia Husna ; Editor, Fiedha L. Hasiem =260 ##$$a Jakarta :$b Inti media,$c 2009 =300 ##$$a 180 hlm : $b illus ; $c 21 x 15 cm. =650 #4$$a Sifat-sifat Rasul =700 #$$a Fiedha L. Hasiem =850 ##$$a NBPNMAT =020 ##$$a 978979-072-11-4 =084 ##$$a 2X3.42 AMA s =250 ##$$a cet. 1 =990 ##$$a 2101234 =990 ##$$a 21106161 =990 ##$$a 2101233 =990 ##$$a 21106160 =990 ##$$a 2101235 =990 ##$$a 21106162 =990 ##$$a 21106159 =990 ##$$a 2101236 =990 ##$$a 21106162 =990 ##$$a 2101234 =990 ##$$a 21106161 =990 ##$$a 2101233 =990 ##$$a 21106160 =990 ##$$a 2101235 =990 ##$$a 21106159 =990 ##$$a 2101236